เปลี่ยนเป็นภาษาไทย

Change to English
 แสดงรายละเอียดบรรณานุกรม
  กลับหน้าหลัก

Brief Record : Get Marc (ISO 2709) : E-mail record : QR code ปิดหน้าต่าง
LEADER 00000nam 2200000uu 4500
001    17927
003     ULIBM
008    020711s2016 th a 000 0 tha d
020    67493284
100    www.mims.com
245    mims drug reference
260    thailand :^bม.ป.ท.,^c2016
300    735 หน้า
รายการนี้ยังไม่มีแท็ก
คุณยังไม่ได้ล็อกอิน คุณสามารถมีกิจกรรมร่วมกับเว็บไซต์ได้ แต่ต้องล็อกอินก่อน ::
  ล็อกอิน
ลำดับที่ ประเภท เลขเรียก/บาร์โค้ด สถานที่ สถานะ
1. หนังสือ
หนังสือ
2016 c.1 
  Barcode: 0003282
หนังสือทั่วไป On Shelf
   [แสดง 1/1 รายการ]

รายการใกล้เคียง
    ชื่อเรื่อง [mims drug reference]

    ผู้แต่ง [www.mims.com]

BibComment


ยังไม่เคยถูกคอมเมนท์

คอมเมนท์ทรัพยากรรายการนี้
  คอมเมนท์: mims drug referen..
Bib 17927


 Union Library Management : ULibM
Copyright 2026. All Rights Reserved.